La verdadera y más noble alegría /

Shranjeno v:
Bibliografske podrobnosti
Glavni avtor: Segarra, Francisco (autor)
Format: Knjiga
Jezik:španščina
Izdano: Barcelona, España : Casals, 1974
Oznake: Označite
Brez oznak, prvi označite!

MARC

LEADER 00000nam^a2200000^a^4500
001 000578251
005 20250521000000.0
009 20260310132506.074
020 |a 84-218-2018-6 
037 |a Acervo Xavier Clavigero 
041 |a ESP 
091 |a FIP. 01123 
100 |a Segarra, Francisco  |e (autor) 
245 1 3 |a La verdadera y más noble alegría / 
264 1 |a Barcelona, España :  |b Casals,  |c 1974 
300 |a 29 p. 
336 |a texto  |b txt  |2 rdacontenido 
337 |a sin mediación  |b n  |2 rdamedio 
338 |a volumen  |b nc  |2 rdasoporte 
649 |a XX 
910 |a Fondo Manuel Ignacio Pérez Alonso S.J. 
920 |a Impresos - Libros 
930 |a Fondos Especiales 
905 |a 140 
901 |a 0500405188  |b IT2  |c ESP  |i D  |u 20250521 
902 |a https://opac.biblio.iteso.mx/vufind/Record/000578251